[Event "Xtracon Chess Open 2017"]
[Site "Helsingor DEN"]
[Date "2017.07.23"]
[Round "3.180"]
[White "Hansen, Verner"]
[Black "Jacobsen, Caroline Beer"]
[Result "1/2-1/2"]
[WhiteElo "1855"]
[BlackElo "1538"]
[WhiteFideId "1425285"]
[BlackFideId "1510649"]
[EventDate "2017.07.22"]

1. e4 e5 2. Nf3 Nc6 3. Bc4 Nf6 4. d3 Bc5 5. O-O O-O 6. Nc3 d6 7. h3 Be6 8. Bg5
Bxc4 9. dxc4 h6 10. Bh4 g5 11. Nxg5 hxg5 12. Bxg5 d5 13. Nxd5 Be7 14. Nxe7+ Qxe7
15. Qf3 Kg7 16. h4 Qe6 17. h5 Nh7 18. Be3 Kh8 19. Rad1 Rg8 20. c3 Ng5 21. Qf5
Qxf5 22. exf5 Nh3+ 23. Kh2 Nf4 24. Bxf4 exf4 25. Rd7 Rg5 26. Rxf7 Rxh5+ 27. Kg1
Ne5 28. g4 Rg8 29. Rf8 Nf3+ 30. Kg2 Rh2+ 31. Kxf3 Rxf8 32. Kxf4 Re8 33. Kg3 Rh6
34. g5 Rd6 35. f6 Re5 36. Kg4 Rc6 37. b3 Kg8 38. f4 Re2 39. Kf5 Rd6 40. c5 Rdd2
41. c4 Rxa2 42. Kg6 Rf2 43. Rd1 Rad2 44. f7+ Kf8 45. Rh1 Rh2 46. Rf1 Rd7 47. f5
Rxf7 48. f6 Rd2 49. Kf5 Rh7 50. Kg6 Rhh2 51. Rf5 Rhf2 52. Re5 Rfe2 53. Rf5 Rf2
54. Re5 Rfe2 55. Rf5 Rf2 56. Re5 Rfe2 57. Rf5 Rf2 58. Re5 Rfe2 59. Rf5 Rf2 60.
Re5 Rfe2 1/2-1/2

[Event "Xtracon Chess Open 2017"]
[Site "Helsingor DEN"]
[Date "2017.07.23"]
[Round "3.181"]
[White "Yilmaz, Kazim"]
[Black "Tenold, Andreas"]
[Result "1/2-1/2"]
[WhiteElo "1527"]
[BlackElo "1845"]
[WhiteFideId "1514326"]
[BlackFideId "1525840"]
[EventDate "2017.07.22"]

1. e4 d6 2. d4 g6 3. c4 Bg7 4. Nf3 Nf6 5. Nc3 O-O 6. Be2 c6 7. O-O Nbd7 8. Bf4
a6 9. Qd2 b5 10. a3 Re8 11. Bh6 Qc7 12. Bxg7 Kxg7 13. Rac1 bxc4 14. Bxc4 e5 15.
dxe5 Nxe5 16. Nxe5 dxe5 17. Rfd1 Bg4 18. f3 Rad8 19. Qf2 Be6 20. Bxa6 Bb3 21.
Rxd8 Rxd8 22. Qe3 Qa5 23. Be2 c5 24. Bd1 Be6 25. Rc2 Bb3 26. Rd2 Bxd1 27. Rxd1
Rxd1+ 28. Nxd1 Qa4 29. Nc3 Qa5 30. Nd5 Nd7 31. b4 cxb4 32. axb4 Qb5 33. g4 h6
34. h4 Kh7 35. f4 exf4 36. Qxf4 Kg7 37. g5 hxg5 38. hxg5 Qe2 39. Qh4 Qd1+ 40.
Kg2 Qe2+ 41. Kg1 Qd1+ 42. Kg2 Qe2+ 43. Kg1 Qd1+ 1/2-1/2

[Event "Xtracon Chess Open 2017"]
[Site "Helsingor DEN"]
[Date "2017.07.23"]
[Round "3.182"]
[White "Hansen, Ib Lynaes"]
[Black "Gade, Jens"]
[Result "1-0"]
[WhiteElo "1839"]
[BlackElo "1523"]
[WhiteFideId "1407511"]
[BlackFideId "1416111"]
[EventDate "2017.07.22"]

1. c4 e5 2. g3 Nf6 3. Bg2 Be7 4. Nc3 O-O 5. e3 d6 6. Nge2 Nc6 7. a3 a6 8. O-O
Be6 9. b3 Rb8 10. Bb2 Qd7 11. d4 exd4 12. exd4 Bh3 13. Nf4 Bxg2 14. Kxg2 Rbd8
15. Ncd5 Nxd5 16. Nxd5 Bg5 17. f4 Bh6 18. Qh5 Qe6 19. Rae1 Qg6 20. Qxg6 hxg6 21.
Nxc7 Na5 22. Rf3 g5 23. Nd5 gxf4 24. gxf4 Nc6 25. Kg3 f6 26. Ne7+ Kf7 27. Nf5
Kg8 28. Bc3 Kh7 29. d5 Na7 30. Re6 Nc8 31. Bb4 Kg6 32. Nxd6 Nxd6 33. Bxd6 Rf7
34. f5+ Kh7 35. Bf4 g5 36. fxg6+ Kxg6 37. Bxh6 Kxh6 38. Rfxf6+ 1-0

[Event "Xtracon Chess Open 2017"]
[Site "Helsingor DEN"]
[Date "2017.07.23"]
[Round "3.183"]
[White "Kvamme, Ingrid Jodre"]
[Black "Manz, Andreas"]
[Result "1-0"]
[WhiteElo "1512"]
[BlackElo "1814"]
[WhiteFideId "1516981"]
[BlackFideId "24660108"]
[EventDate "2017.07.22"]

1. Nf3 d5 2. g3 Nf6 3. Bg2 c5 4. c4 e6 5. cxd5 exd5 6. d4 Nc6 7. O-O h6 8. Nc3
Be6 9. Bf4 a6 10. Rc1 c4 11. b3 Ba3 12. Rb1 Bf5 13. bxc4 Bxb1 14. cxd5 Nxd5 15.
Nxd5 Qxd5 16. Qxb1 Qd7 17. Rd1 O-O 18. Qb3 Bd6 19. Bxd6 Qxd6 20. d5 Ne5 21. Nxe5
Qxe5 22. e3 Qd6 23. Qxb7 Rfc8 24. Bh3 Rd8 25. Rd4 Qa3 26. Qb3 Qc5 27. Qd3 Rd6
28. e4 Rad8 29. Rc4 Qb5 30. Rc3 Qxd3 31. Rxd3 Kf8 32. Bg2 f6 33. f4 Rb6 34. e5
Rb1+ 35. Kf2 fxe5 36. fxe5 Rb2+ 37. Kf3 Rxa2 38. d6 Kf7 39. Bh3 Rxh2 40. Bg4 h5
41. Bf5 Rf8 42. e6+ Ke8 43. Ke3 Rf2 44. Bg6+ Kd8 45. e7+ Kd7 46. e8=Q+ Rxe8+ 47.
Bxe8+ 1-0

[Event "Xtracon Chess Open 2017"]
[Site "Helsingor DEN"]
[Date "2017.07.23"]
[Round "3.184"]
[White "Rendlev, Niels Moller"]
[Black "Jensen, Jonbert M. S."]
[Result "1-0"]
[WhiteElo "1756"]
[BlackElo "1515"]
[WhiteFideId "1409042"]
[BlackFideId "1435914"]
[EventDate "2017.07.22"]

1. e4 e5 2. Nf3 Nc6 3. Bb5 d6 4. h3 Nf6 5. Qe2 a6 6. Ba4 Bd7 7. c3 b5 8. Bc2 Be7
9. O-O O-O 10. Rd1 Qc8 11. d3 h6 12. Be3 d5 13. Nbd2 dxe4 14. dxe4 Bd6 15. Nf1
Be6 16. Ng3 Ne7 17. Qd2 Kh7 18. Nh4 Nfg8 19. Nhf5 f6 20. Nxd6 cxd6 21. Qxd6 Rd8
22. Qxd8 Qxd8 23. Rxd8 Rxd8 24. a3 Nc6 25. Kf1 Nge7 26. Ke1 Na5 27. Bb6 Nec6 28.
Bxd8 Nxd8 29. Rd1 Nab7 30. b4 Nc6 31. Nf5 Bc4 32. Nxg7 Kg6 33. Nf5 Nb8 34. f3 a5
35. Nd6 Nxd6 36. Rxd6 a4 37. Bd3 Bxd3 38. Rxd3 Nc6 39. Rd6 Na7 40. Rb6 Kg5 41.
g3 h5 42. h4+ 1-0

[Event "Xtracon Chess Open 2017"]
[Site "Helsingor DEN"]
[Date "2017.07.23"]
[Round "3.185"]
[White "Gutierrez Bolado, Juan Antonio"]
[Black "Morling, Aase"]
[Result "1-0"]
[WhiteElo "1696"]
[BlackElo "1512"]
[WhiteFideId "2298708"]
[BlackFideId "1440993"]
[EventDate "2017.07.22"]

1. e4 e5 2. Nf3 Nc6 3. Bc4 Bc5 4. d4 exd4 5. c3 Nf6 6. e5 d5 7. Bb5 Ne4 8. cxd4
Bb4+ 9. Bd2 Bxd2+ 10. Nbxd2 O-O 11. h3 Nxd2 12. Qxd2 h6 13. O-O Ne7 14. Rac1 c6
15. Bd3 Bf5 16. Be2 a5 17. Nh4 Bh7 18. f4 Nf5 19. Nxf5 Bxf5 20. Bd3 Bxd3 21.
Qxd3 Qb6 22. Rc2 Rac8 23. Rfc1 Rc7 24. Kf1 Rfc8 25. b3 Ra8 26. a3 Qa6 27. Ke2
Qxd3+ 28. Kxd3 g6 29. Rc5 Rd7 30. Ke3 h5 31. h4 Kf8 32. Kf3 Ke7 33. g4 hxg4+ 34.
Kxg4 Ke6 35. Kg5 Rdd8 36. Rh1 Rh8 37. Rc3 Rh5+ 38. Kg4 f5+ 39. Kg3 Ra6 40. Rhc1
Kd7 41. Rc5 Ke6 42. Rg1 b5 43. Kh3 Rh6 44. Rgc1 Kd7 45. e6+ Kd6 46. Re1 Ke7 47.
Rec1 Kd6 48. e7 Rh8 49. Rg1 Kxe7 50. Rxg6 Rc8 51. h5 Kf7 52. Kh4 a4 53. b4 Rb6
54. Kg5 Ke7 55. Kxf5 Rf8+ 56. Kg5 Kd7 57. Rxd5+ cxd5 58. Rxb6 Rg8+ 59. Kf5 Rf8+
60. Ke5 Kc7 61. Rxb5 Rh8 62. Kxd5 Rxh5+ 63. Kc4 1-0

[Event "Xtracon Chess Open 2017"]
[Site "Helsingor DEN"]
[Date "2017.07.23"]
[Round "3.186"]
[White "Werner, Jakob"]
[Black "Cuyx, Tomas"]
[Result "1/2-1/2"]
[WhiteElo "1690"]
[BlackElo "1495"]
[WhiteFideId "1426850"]
[BlackFideId "244619"]
[EventDate "2017.07.22"]

1. d4 Nf6 2. c4 c5 3. d5 e6 4. Nc3 exd5 5. cxd5 d6 6. e4 g6 7. Nf3 Bg7 8. Be2
O-O 9. O-O Re8 10. Nd2 Nbd7 11. Qc2 Ne5 12. a4 Neg4 13. Bxg4 Nxg4 14. h3 Nh6 15.
Nc4 f5 16. f3 a6 17. Bf4 Nf7 18. Qd2 Ne5 19. Nxe5 Bxe5 20. Bxe5 dxe5 21. Rad1 f4
22. Rc1 Bd7 23. Rfd1 Qa5 24. Ra1 Qb4 25. Ne2 Qxd2 26. Rxd2 b5 27. b3 bxa4 28.
bxa4 Rab8 29. Rc2 Rec8 30. Nc1 c4 31. Ne2 Kf7 32. a5 Rb5 33. Nc3 Rbc5 34. Rb2
Bb5 35. Rab1 Rb8 36. Rb4 Ke7 37. Na4 Rc7 38. Nb6 Rd8 39. Rc1 Kd6 40. Nxc4+ Kc5
41. Nb6+ Kxb4 42. Rxc7 h5 43. Kf2 Kxa5 44. Nc4+ Bxc4 45. Rxc4 Kb5 46. Rc6 Ra8
47. Ke2 a5 48. Kd2 Ra6 49. Rxa6 Kxa6 50. Kc3 Kb5 51. Kb3 a4+ 52. Ka3 Ka5 53. h4
Kb5 54. d6 Kc6 55. d7 Kxd7 56. Kxa4 Kc6 57. Kb4 Kb6 58. Kc4 1/2-1/2

[Event "Xtracon Chess Open 2017"]
[Site "Helsingor DEN"]
[Date "2017.07.23"]
[Round "3.187"]
[White "Jensen, Hans Askov"]
[Black "Nielsen, Leo Kresten Roland"]
[Result "0-1"]
[WhiteElo "1481"]
[BlackElo "1688"]
[WhiteFideId "1419889"]
[BlackFideId "1426095"]
[EventDate "2017.07.22"]

1. e4 c5 2. Nc3 Nc6 3. Bb5 a6 4. Bxc6 dxc6 5. f4 e6 6. Nf3 b5 7. O-O Nf6 8. d3
g6 9. Qe1 Bg7 10. f5 b4 11. Ne2 exf5 12. exf5 Bxf5 13. Ned4+ Qe7 14. Nxc6 Qxe1
15. Rxe1+ Be6 16. Ng5 Rc8 17. Nxe6 fxe6 18. Rxe6+ Kd7 19. Re7+ Kxc6 20. Rxg7
Rhe8 21. Bg5 Nd5 22. Rf1 Re6 23. Rxh7 Rce8 24. Rhf7 Re5 25. Bd2 Re2 26. R1f2
R2e5 27. c4 Nc7 28. R7f6+ R8e6 29. Rxe6+ Rxe6 30. Kf1 Rd6 31. Rf3 Ne8 32. Bf4
Re6 33. Re3 Rf6 34. Rxe8 Rxf4+ 35. Ke2 Rf6 36. g4 g5 37. Re5 Rh6 38. Kf3 Rxh2
39. Re2 Rh3+ 40. Ke4 Rg3 41. Kf5 Rxd3 42. Kxg5 a5 43. b3 Rd4 44. Re6+ Kb7 45.
Re2 a4 46. Re7+ Kb6 47. Re6+ Kb7 48. Re7+ Kc6 49. bxa4 Rxc4 50. Re2 Kb6 51. Kf5
Rc3 52. g5 Ka5 53. g6 Rg3 54. Re7 Kxa4 55. g7 c4 56. Rc7 c3 57. Kf6 Ka3 58. Rc8
Kxa2 59. g8=Q+ Rxg8 60. Rxg8 Kb2 61. Rb8 b3 62. Rg8 c2 63. Rg2 Kb1 0-1

[Event "Xtracon Chess Open 2017"]
[Site "Helsingor DEN"]
[Date "2017.07.23"]
[Round "3.188"]
[White "Hein, Jacob"]
[Black "Sondergaard, Lars"]
[Result "0-1"]
[WhiteElo "1479"]
[BlackElo "1686"]
[WhiteFideId "1402870"]
[BlackFideId "1406973"]
[EventDate "2017.07.22"]

1. d4 d5 2. Nf3 Nf6 3. h3 e6 4. a3 c5 5. e3 Nc6 6. Nc3 Bd7 7. Bd2 Rc8 8. dxc5
Bxc5 9. b4 Bd6 10. Bd3 O-O 11. O-O e5 12. e4 d4 13. Nd5 Nxd5 14. exd5 Ne7 15.
Bg5 f6 16. Be4 f5 17. Bxe7 Qxe7 18. Bd3 e4 19. Re1 Qf6 20. Bxe4 fxe4 21. Rxe4
Bf5 22. Re2 Bxh3 23. Qxd4 Qg6 24. Nh4 Qg5 25. c4 Rf4 26. Re4 Rxh4 27. Rxh4 Qxg2# 0-1

[Event "Xtracon Chess Open 2017"]
[Site "Helsingor DEN"]
[Date "2017.07.23"]
[Round "3.189"]
[White "Larsen, Mette Dalsgaard"]
[Black "Christoffersen, Micki Aron"]
[Result "1-0"]
[WhiteElo "1679"]
[BlackElo "1444"]
[WhiteFideId "1430718"]
[BlackFideId "1454021"]
[EventDate "2017.07.22"]

1. d4 d6 2. c4 Nf6 3. Nf3 g6 4. e3 b6 5. Be2 Bb7 6. O-O Bg7 7. Nc3 O-O 8. Qc2 c6
9. b3 Nbd7 10. Bb2 Qc7 11. Rac1 e5 12. Rfd1 c5 13. Nb5 Qb8 14. Nxd6 exd4 15.
Nxb7 Qxb7 16. exd4 cxd4 17. Nxd4 Rad8 18. Bf3 Qc8 19. Nc6 Rde8 20. Nxa7 Qc7 21.
Nb5 Qb8 22. Re1 Rxe1+ 23. Rxe1 Re8 24. Rd1 h5 25. h3 Ne5 26. Bxe5 Rxe5 27. Qd3
Ne8 28. Bd5 Bf6 29. Qxg6+ Kh8 30. Qxf7 Rg5 31. Qf8+ Kh7 32. Be4+ 1-0

[Event "Xtracon Chess Open 2017"]
[Site "Helsingor DEN"]
[Date "2017.07.23"]
[Round "3.190"]
[White "Leonhardsen, Vebjorn Maanum"]
[Black "Shehzad, Shazil"]
[Result "0-1"]
[WhiteElo "1443"]
[BlackElo "1678"]
[WhiteFideId "1539515"]
[BlackFideId "1521942"]
[EventDate "2017.07.22"]

1. d4 Nf6 2. Nf3 g6 3. Bf4 Bg7 4. h3 d6 5. e3 O-O 6. Be2 Nc6 7. c3 Nd7 8. O-O h6
9. Nbd2 e5 10. Bh2 f5 11. Qb3+ Kh8 12. Qd1 g5 13. Bc4 Qe7 14. a3 Nf6 15. Qc2 Be6
16. dxe5 dxe5 17. Nxe5 Nxe5 18. Bxe5 Bxc4 19. Bxf6 Qxf6 20. Nxc4 g4 21. hxg4
fxg4 22. Qe4 b5 23. Nd2 h5 24. Nb3 Rae8 25. Qd3 Qg5 26. Nd4 a6 27. g3 h4 28. Ne2
Rf6 29. Kg2 h3+ 30. Kh2 Rd6 31. Qc2 Qd5 32. Nf4 Qf3 33. Qe2 Qxe2 34. Nxe2 Rd2
35. Nd4 Rxb2 36. a4 c5 37. Nf5 Bxc3 38. axb5 axb5 39. Nh6 Re4 40. Ra8+ Kg7 41.
Nf5+ Kg6 42. Nd6 Re6 43. Nb7 c4 44. Kg1 Bf6 45. Rc1 c3 46. Rc8 b4 47. Nc5 Rd6
48. Ne4 Ra6 49. Nc5 Raa2 50. Nd3 Rd2 51. Nxb4 Rab2 52. Na6 0-1

[Event "Xtracon Chess Open 2017"]
[Site "Helsingor DEN"]
[Date "2017.07.23"]
[Round "3.191"]
[White "Madsen, Svend"]
[Black "Bredeli, Havard Iversen"]
[Result "1-0"]
[WhiteElo "1673"]
[BlackElo "1443"]
[WhiteFideId "1419846"]
[BlackFideId "1514440"]
[EventDate "2017.07.22"]

1. b3 e6 2. Bb2 Nf6 3. e3 d5 4. Nf3 Bd6 5. Nc3 c6 6. Be2 O-O 7. O-O b6 8. d4
Nbd7 9. Bd3 c5 10. Nb5 Be7 11. c4 Ba6 12. Nc3 cxd4 13. exd4 Rc8 14. Qe2 Qc7 15.
Nd2 Bb4 16. Rac1 Bxc3 17. Bxc3 Bb7 18. Bb4 Rfe8 19. Ba3 Qb8 20. Rfe1 e5 21. Qe3
exd4 22. Qxd4 Rxe1+ 23. Rxe1 Nc5 24. Bf5 Re8 25. Rxe8+ Qxe8 26. Bxc5 Qe1+ 27.
Nf1 bxc5 28. Qxc5 dxc4 29. Qxc4 Ne8 30. Qd4 Qa5 31. Qd7 Nf6 32. Qd2 Qb6 33. Ne3
Ne4 34. Qc2 Qb4 35. Bxe4 Qe1+ 36. Nf1 Qxe4 37. Qxe4 Bxe4 38. Nd2 Bd3 39. f4 Kf8
40. Kf2 Ke7 41. Ke3 Ba6 42. Kd4 Bb7 43. g3 f5 44. Ke5 g6 45. b4 Bc6 46. Nb3 Bb5
47. Nc5 Bc4 48. a3 a6 49. Nb7 Bb5 50. Nc5 Bc4 51. Kd4 Bb5 52. a4 Be2 53. Ke5 Bc4
54. Nb7 Bd3 55. Nd6 Be2 56. b5 axb5 57. axb5 Bxb5 58. Nxb5 Kf7 59. Nc7 Ke7 60.
Ne6 Kf7 61. Ng5+ Kg7 62. Ke6 h6 63. Nf3 h5 64. h4 Kh6 65. Kf6 Kh7 66. Ne5 Kh6
67. Nxg6 Kh7 68. Kxf5 Kh6 69. Ne7 Kg7 1-0

[Event "Xtracon Chess Open 2017"]
[Site "Helsingor DEN"]
[Date "2017.07.23"]
[Round "3.192"]
[White "Aasen, Fredrik"]
[Black "Sidali, Elias Hulleberg"]
[Result "1/2-1/2"]
[WhiteElo "1430"]
[BlackElo "1672"]
[WhiteFideId "1539060"]
[BlackFideId "1530518"]
[EventDate "2017.07.22"]

1. e4 c6 2. d4 d5 3. Nc3 dxe4 4. Nxe4 Nf6 5. Nxf6+ exf6 6. c3 Bd6 7. Nf3 O-O 8.
Be2 Re8 9. O-O Nd7 10. Re1 Nf8 11. Be3 Be6 12. Qc2 Qd7 13. Rad1 g6 14. b3 Bf5
15. Bd3 Bg4 16. Be2 Bf5 17. Bd3 Bg4 18. Be2 Qc7 19. h3 Be6 20. Bd3 Qd7 21. Bf1
Bf5 22. Qd2 1/2-1/2

[Event "Xtracon Chess Open 2017"]
[Site "Helsingor DEN"]
[Date "2017.07.23"]
[Round "3.193"]
[White "Madsen, Dennis"]
[Black "Jacobsen, Jerlow Lytomt"]
[Result "1-0"]
[WhiteElo "1671"]
[BlackElo "1415"]
[WhiteFideId "1425919"]
[BlackFideId "1521390"]
[EventDate "2017.07.22"]

1. d4 d5 2. e4 e6 3. Nc3 dxe4 4. f3 exf3 5. Nxf3 Nc6 6. Bb5 Bd7 7. O-O Bb4 8.
Bxc6 Bxc6 9. Ne5 Ne7 10. Nxf7 Qd7 11. Nxh8 Bxc3 12. bxc3 O-O-O 13. Nf7 Ng6 14.
Nxd8 Kxd8 15. Qh5 Qd5 16. Qxd5+ Bxd5 17. Bg5+ Kd7 18. Rf7+ Kd6 19. Rxg7 Be4 20.
Rc1 b6 21. h4 a5 22. h5 Nh8 23. Bf4+ Kd5 24. Rd7+ Kc4 25. Rxc7+ Kb5 26. Be5 1-0

[Event "Xtracon Chess Open 2017"]
[Site "Helsingor DEN"]
[Date "2017.07.23"]
[Round "3.195"]
[White "Dahl, Max"]
[Black "Von Knobloch, Hanno"]
[Result "1-0"]
[WhiteElo "1660"]
[BlackElo "1356"]
[WhiteFideId "1526626"]
[BlackFideId "12993247"]
[EventDate "2017.07.22"]

1. e4 e5 2. Nf3 Nc6 3. d4 exd4 4. Bc4 Bc5 5. c3 dxc3 6. Bxf7+ Kxf7 7. Qd5+ Ke8
8. Qh5+ g6 9. Qxc5 Qe7 10. Qxe7+ Ngxe7 11. Nxc3 d6 12. Be3 b6 13. O-O-O Ba6 14.
h4 h6 15. Nd4 Kd7 16. f3 Ne5 17. b3 c6 18. Kc2 d5 19. Bf4 Kd6 20. exd5 Nxd5 21.
Ne4+ Ke7 22. Bxe5 Ne3+ 23. Kc1 Nxd1 24. Bxh8 Rxh8 25. Rxd1 Rc8 26. Kb2 c5 27.
Nc2 Rc6 28. Ne3 Be2 29. Rd2 Ba6 30. Nd5+ Ke6 31. Nf4+ Ke7 32. Kc3 b5 33. a3 c4
34. Nd5+ Kf7 35. Nb4 Rb6 36. Nxa6 Rxa6 37. bxc4 Rxa3+ 38. Kb4 Ra1 39. cxb5 a5+
40. bxa6 Rxa6 41. Rd7+ Ke8 42. Rd6 1-0

[Event "Xtracon Chess Open 2017"]
[Site "Helsingor DEN"]
[Date "2017.07.23"]
[Round "3.196"]
[White "Dahl, Ian"]
[Black "Ski, Alexander K."]
[Result "0-1"]
[WhiteElo "1347"]
[BlackElo "1658"]
[WhiteFideId "1520210"]
[BlackFideId "1521659"]
[EventDate "2017.07.22"]

1. e4 e5 2. Nf3 Nc6 3. Bc4 Bc5 4. c3 Nf6 5. d3 h6 6. b4 Bd6 7. O-O O-O 8. Nbd2
a6 9. a4 Be7 10. Ba3 b5 11. axb5 axb5 12. Bxb5 Na7 13. Bb2 c6 14. Ba6 Qc7 15.
Qb3 d6 16. d4 Bg4 17. Bd3 Rab8 18. dxe5 dxe5 19. Nxe5 Qxe5 20. Rxa7 Bd6 21. f4
Qh5 22. Ra5 Qxa5 23. bxa5 Rxb3 24. Nxb3 Rb8 25. a6 Rxb3 26. Rb1 Bc5+ 27. Kh1 Ba7
28. h3 Bc8 29. e5 Nd5 30. Bc4 Rb8 31. f5 Bxf5 0-1

[Event "Xtracon Chess Open 2017"]
[Site "Helsingor DEN"]
[Date "2017.07.23"]
[Round "3.197"]
[White "Langvik, Ulrikke"]
[Black "Thybo, Jan"]
[Result "1-0"]
[WhiteElo "1640"]
[BlackElo "1330"]
[WhiteFideId "1517910"]
[BlackFideId "1438824"]
[EventDate "2017.07.22"]

1. d4 g6 2. c4 Bg7 3. Nc3 d6 4. e4 Nd7 5. Be2 e5 6. d5 Ngf6 7. Bg5 O-O 8. Qd2 a6
9. h4 Nc5 10. f3 h5 11. b4 Ncd7 12. g4 Qe8 13. Nh3 Kh7 14. Rg1 Rh8 15. O-O-O a5
16. Nb5 Qd8 17. gxh5 c6 18. Nxd6 Qe7 19. dxc6 axb4 20. cxd7 Bxd7 21. Bxf6 Bxf6
22. Ng5+ Bxg5 23. Rxg5 b3 24. axb3 Ra1+ 25. Kb2 Rxd1 26. Bxd1 Rg8 27. hxg6+ Rxg6
28. Rxg6 fxg6 29. Nxb7 1-0

[Event "Xtracon Chess Open 2017"]
[Site "Helsingor DEN"]
[Date "2017.07.23"]
[Round "3.198"]
[White "Vinter, Christoffer"]
[Black "Kvamme, Thomas Jordre"]
[Result "1-0"]
[WhiteElo "1633"]
[BlackElo "1327"]
[WhiteFideId "1449737"]
[BlackFideId "1523368"]
[EventDate "2017.07.22"]

1. e4 c5 2. Nf3 d6 3. d4 cxd4 4. Nxd4 Nf6 5. Nc3 g6 6. Bc4 Bg7 7. Nf3 Nc6 8. e5
Ng4 9. exd6 exd6 10. O-O O-O 11. Bf4 Nge5 12. Bb3 Qe7 13. Re1 Qc7 14. Nd5 Qa5
15. Nxe5 dxe5 16. Bd2 Qb5 17. Nc7 Qb6 18. Nxa8 Qd8 19. Bc3 Nd4 20. Bb4 Re8 21.
c3 Ne6 22. Ba4 Qxd1 23. Raxd1 Rd8 24. Bb3 Re8 25. Bxe6 1-0

[Event "Xtracon Chess Open 2017"]
[Site "Helsingor DEN"]
[Date "2017.07.23"]
[Round "3.200"]
[White "Petersen, Jan"]
[Black "Wahlgreen, Noah"]
[Result "1-0"]
[WhiteElo "1628"]
[BlackElo "1315"]
[WhiteFideId "1426320"]
[BlackFideId "1457349"]
[EventDate "2017.07.22"]

1. d4 Nf6 2. c4 e6 3. Nc3 c5 4. d5 Be7 5. e4 d6 6. f4 exd5 7. cxd5 O-O 8. Nf3
Nh5 9. Bd3 Bh4+ 10. g3 Nxg3 11. hxg3 Bxg3+ 12. Ke2 f6 13. Qg1 Bxf4 14. Bxf4 f5
15. Qh2 h6 16. Bxh6 fxe4 17. Bxe4 Qf6 18. Bg5 1-0

[Event "Xtracon Chess Open 2017"]
[Site "Helsingor DEN"]
[Date "2017.07.23"]
[Round "3.201"]
[White "Gelders, Eline"]
[Black "Jansson, Helge"]
[Result "1-0"]
[WhiteElo "1298"]
[BlackElo "1627"]
[WhiteFideId "249025"]
[BlackFideId "1523198"]
[EventDate "2017.07.22"]

1. e4 e6 2. d4 d5 3. exd5 exd5 4. Bd3 Bd6 5. Nc3 c6 6. Nf3 Ne7 7. Bg5 f6 8. Be3
O-O 9. Qd2 Qc7 10. h4 Bf5 11. Be2 Ng6 12. g3 Re8 13. h5 Nf8 14. Nh4 Bd7 15.
O-O-O a5 16. Bd3 b5 17. Nf5 Bxf5 18. Bxf5 a4 19. Qd3 b4 20. Nb1 Nbd7 21. Bxh7+
Nxh7 22. h6 Ndf8 23. hxg7 Qxg7 24. Bh6 Qg6 25. Qf3 b3 26. axb3 axb3 27. Qxb3 Re2
28. Rh2 Rae8 29. Nc3 Re1 30. Rxe1 Rxe1+ 31. Kd2 Qe8 32. Qb7 Re7 33. Qa6 Bb4 34.
Qd3 Re2+ 35. Qxe2 1-0

[Event "Xtracon Chess Open 2017"]
[Site "Helsingor DEN"]
[Date "2017.07.23"]
[Round "3.202"]
[White "Hinrichs, Kurt"]
[Black "Warston, Hakan"]
[Result "0-1"]
[WhiteElo "1277"]
[BlackElo "1623"]
[WhiteFideId "12994057"]
[BlackFideId "1717367"]
[EventDate "2017.07.22"]

1. d4 d5 2. Bf4 e6 3. e3 Nf6 4. c3 Be7 5. Nf3 Nbd7 6. h3 O-O 7. Bd3 c5 8. O-O c4
9. Bc2 b5 10. b4 a5 11. Re1 axb4 12. cxb4 Bxb4 13. Nbd2 Bc3 14. Rb1 Qb6 15. a4
b4 16. Qc1 Qc6 17. e4 Nb6 18. Re3 Nxa4 19. Ne5 Qa6 20. Bxa4 Qxa4 21. Re1 Bb7 22.
exd5 exd5 23. Re3 Bxd4 24. Re2 b3 25. Nef3 b2 26. Qe1 Bc3 27. Be5 Qb4 28. Bxf6
gxf6 29. Qd1 Ra1 30. Re3 d4 31. Re1 Rxb1 32. Qxb1 Bxf3 33. gxf3 d3 34. Rd1 Bxd2 0-1

[Event "Xtracon Chess Open 2017"]
[Site "Helsingor DEN"]
[Date "2017.07.23"]
[Round "3.203"]
[White "Gaure, Sigurd Lauvas"]
[Black "Jacobsen, Harald Kittel Lytomt"]
[Result "1-0"]
[WhiteElo "1619"]
[BlackElo "1242"]
[WhiteFideId "1524933"]
[BlackFideId "1533460"]
[EventDate "2017.07.22"]

1. e4 e5 2. Nf3 Nc6 3. Bb5 Nf6 4. O-O Nxe4 5. d4 exd4 6. Re1 f5 7. Nxd4 Bc5 8.
Be3 O-O 9. Nxc6 bxc6 10. Bc4+ d5 11. Bxc5 Nxc5 12. Bd3 Bb7 13. Nd2 d4 14. Bc4+
Kh8 15. Nf3 Na4 16. Qxd4 Qxd4 17. Nxd4 Nxb2 18. Bb3 Rae8 19. Nxf5 Rxe1+ 20. Rxe1
g6 21. Ne3 Re8 22. Rb1 Rd8 23. Rxb2 Rd2 24. Kf1 Ba6+ 25. Bc4 Bxc4+ 26. Nxc4 Rd1+
27. Ke2 Rd4 28. Ne3 Re4 29. Rb7 Ra4 30. Rxc7 Rxa2 31. Rxc6 a5 32. Ra6 a4 33. Ra7
Ra3 34. Nd5 Ra2 35. Nf6 Rxc2+ 36. Kd1 1-0

[Event "Xtracon Chess Open 2017"]
[Site "Helsingor DEN"]
[Date "2017.07.23"]
[Round "3.204"]
[White "Kristensen, Thomas Overgaard"]
[Black "Schouten, Ken Ronny"]
[Result "1-0"]
[WhiteElo "1610"]
[BlackElo "1225"]
[WhiteFideId "1419803"]
[BlackFideId "1533010"]
[EventDate "2017.07.22"]

1. d4 Nf6 2. c4 g6 3. Nc3 Bg7 4. e4 d6 5. Nge2 O-O 6. Ng3 Nbd7 7. Be2 c5 8. d5
Ne5 9. f4 Ned7 10. Be3 Nb6 11. O-O e6 12. h3 Ne8 13. Qd2 f5 14. Rf3 Nc7 15. Rd1
e5 16. exf5 Bxf5 17. Nxf5 Rxf5 18. Ne4 Ne8 19. Ng5 Nc7 20. Ne6 Nxe6 21. dxe6 Bf8
22. Bxc5 Nc8 23. Qd5 Qe7 24. a4 Rxf4 25. Rxf4 exf4 26. Ba3 Nb6 27. Qxd6 Qxd6 28.
Bxd6 Bxd6 29. Rxd6 Kf8 30. c5 Ke7 31. Rd4 Nc8 32. Bc4 g5 33. Rd7+ Kf6 34. Rf7+
Kg6 35. e7 Nxe7 36. Rxe7 b6 37. c6 Kf6 38. Rxh7 a5 39. c7 Rc8 40. Ba6 1-0

[Event "Xtracon Chess Open 2017"]
[Site "Helsingor DEN"]
[Date "2017.07.23"]
[Round "3.205"]
[White "Hestholm, Freddy"]
[Black "Nilssen, Steinar"]
[Result "1/2-1/2"]
[WhiteElo "1249"]
[BlackElo "1608"]
[WhiteFideId "1529951"]
[BlackFideId "1525620"]
[EventDate "2017.07.22"]

1. e4 g6 2. d4 Bg7 3. Be3 d6 4. Nc3 a6 5. Bd3 b5 6. e5 Bb7 7. Be4 Bxe4 8. Nxe4
dxe5 9. Nf3 exd4 10. Bxd4 Nf6 11. Nxf6+ Bxf6 12. Bxf6 Qxd1+ 13. Rxd1 exf6 14.
Rd2 O-O 15. O-O Nc6 16. Rd7 Rac8 17. h4 Rfd8 18. Rfd1 Re8 19. R7d5 Ne7 20. Rd7
c5 21. R1d6 Kf8 22. Rxf6 Rc6 1/2-1/2